Sharjah Art Foundation Library

شرق وغرب رجولة و أنوشة: (Record no. 6635)

MARC details
000 -LEADER
fixed length control field 00816nam a2200181Ia 4500
001 - CONTROL NUMBER
control field 6635
008 - FIXED-LENGTH DATA ELEMENTS--GENERAL INFORMATION
fixed length control field 260622s9999 xx 000 0 und d
245 #0 - TITLE STATEMENT
Title شرق وغرب رجولة و أنوشة:
Remainder of title دراسة في أزمة الجنس والحضارة في الرواية العربية/
Statement of responsibility, etc. جورج طرابيشي
250 ## - EDITION STATEMENT
Edition statement الطبعة الثانية؛
260 ## - PUBLICATION, DISTRIBUTION, ETC.
Place of publication, distribution, etc. بيروت؛
Name of publisher, distributor, etc. دار الطليعة للطباعة و النشر؛
Date of publication, distribution, etc. 1997
300 ## - PHYSICAL DESCRIPTION
Extent 192p;
Dimensions 20x14cm
520 ## - SUMMARY, ETC.
Summary, etc. East and West... Masculinity and Femininity: A Study of the Crisis of Gender and Civilization in the Arabic Novel/ Georges Tarabichi.
546 ## - LANGUAGE NOTE
Language note Arabic
650 ## - SUBJECT ADDED ENTRY--TOPICAL TERM
Topical term or geographic name entry element PJ7501-8517 Arabic literature
655 ## - INDEX TERM--GENRE/FORM
Genre/form data or focus term Articles مقالات
9 (RLIN) 9420
700 ## - ADDED ENTRY--PERSONAL NAME
Personal name Tarabichi, Georges جورج طرابيشي
9 (RLIN) 9491
942 ## - ADDED ENTRY ELEMENTS (KOHA)
Koha item type Book
Holdings
Withdrawn status Lost status Damaged status Not for loan Collection Home library Current library Date acquired Total Checkouts Full call number Barcode Date last seen Price effective from Koha item type
        Language and Literature SAF Reference Library SAF Reference Library 06/22/2026   PJ7501-8517 200.271 6635 06/22/2026 06/22/2026 Book

Copyright © 2022. Sharjah Art Foundation. All Rights Reserved.